000 00820nam a2200253Ia 4500
003 OSt
005 20220923221416.0
006 a|||||r|||| 00| 0
007 ta
008 220922b |||||||| |||| 00| 0 hin d
024 _a197,541
037 _cTextual
040 _aARTS
_cARTS
_bhin
041 _2hin
_ahin
082 _aO152,8N182x, M0
100 _aउपाध्याय, रामानारायण
245 0 _aबख्शीश नामा
246 _aBakhshīsh nāmā
260 _aदिल्ली
_b प्रभात प्रका0
_c1980
300 _a176पृ.
_ccm.
650 _aहिन्दी साहित्य
_9156264
942 _hO152,8N182x, M0
_cTEXL
_2CC
999 _c349412
_d349412